| 000 | 01207nam a22003737a 4500 | ||
|---|---|---|---|
| 001 | 0001853 | ||
| 003 | KOHA_MİRAKIL | ||
| 005 | 20260207001254.0 | ||
| 007 | ta | ||
| 008 | 090218b1971 tu a|||gr||||#0|||0|tur | | ||
| 020 | _cTL0,01 | ||
| 040 |
_aTR-BiSEU _btur _cTR-BiSEU _erda |
||
| 041 | 0 | _atur | |
| 044 | _ctu | ||
| 050 |
_aQD31.2 _b.A47 1971 |
||
| 100 | 1 | _aAlpar, Saffet Rıza. | |
| 245 | 1 |
_aSınai kimya analiz metodları/ _cSaffet Rıza Alpar ; Saffet Rıza Alpar, İbrahim Hakdiyen, Tevfik Bigat. |
|
| 264 | 1 |
_aİstanbul : _bİstanbul Üniversitesi _c1971 |
|
| 300 |
_a2 c. : _bresimli |
||
| 336 |
_ametin _btxt _2rdacontent |
||
| 337 |
_aaracısız _bn _2rdamedia |
||
| 338 |
_acilt _bnc _2rdacarrier |
||
| 490 | 0 | _aİstanbul Üniversitesi Yay., no: 1285 Fen Fakültesi Yay., no: 78 | |
| 650 | 0 |
_aKimya. _91495 |
|
| 650 | 0 |
_aAnalitik Kimya. _95508 |
|
| 650 | 0 |
_aKimyasal işlemler. _92434 |
|
| 650 | 0 |
_aAnalitik kimya. _93339 |
|
| 650 | 0 |
_aKimyasal teknoloji. _95509 |
|
| 650 | 0 |
_aKimya Analiz metodları. _95510 |
|
| 650 | 0 |
_aChemistry Analysis. _95511 |
|
| 830 | 0 |
_aİstanbul Üniversitesi Yay., no: 1285 Fen Fakültesi Yay., no: 78 _95512 |
|
| 907 | _aKimya | ||
| 942 |
_2lcc _cBK |
||
| 999 |
_c1840 _d1840 |
||